Catalogue of rare books & manuscripts exhibited in the Great Hall of the Library, August, 1916.

Saved in:
Bibliographic Details
Corporate Author: National Library of Wales.
Format: Book
Language:English
Published: Aberystwyth, 1916.
Tags: Add Tag
No Tags, Be the first to tag this record!
LEADER 00505nam a2200169K 4500
001 007131663-9
005 20020606163548.3
008 960910s1916 wlk 000 0 eng d
035 0 |a ocm80829932 
040 |a HLS  |c HLS 
110 2 |a National Library of Wales. 
245 1 0 |a Catalogue of rare books & manuscripts exhibited in the Great Hall of the Library, August, 1916. 
260 |a Aberystwyth,  |c 1916. 
300 |a 32 p.  |b facsims. 
690 9 |a Welsh literature  |x Bibliography.  |5 wid 
988 |a 20020608 
906 |0 MH